Central Library OPAC University of Rajshahi

European Politics I, the restless search; a comparative government biennial / (Record no. 24559)

MARC details
000 -LEADER
fixed length control field 00647nam a22002057a 4500
001 - CONTROL NUMBER
control field 24559
003 - CONTROL NUMBER IDENTIFIER
rucl marc code BD-RjUL
005 - DATE AND TIME OF LATEST TRANSACTION
control field 20211209001052.0
008 - FIXED-LENGTH DATA ELEMENTS--GENERAL INFORMATION
fixed length control field 140313t19701966ii |||| |||| 000 0 eng d
035 ## - SYSTEM CONTROL NUMBER
System control number (BD-RjUL)24626
040 ## - CATALOGING SOURCE
Original cataloging agency BD-RjUL
Language of cataloging eng
Transcribing agency BD-RjUL
041 ## - LANGUAGE CODE
Language code of text/sound track or separate title eng
082 04 - DEWEY DECIMAL CLASSIFICATION NUMBER
Classification number 940
Author mark and year EUR 1970
245 0# - TITLE STATEMENT
Title European Politics I, the restless search; a comparative government biennial /
Statement of responsibility, etc. Ed by William G. Anderson
260 ## - PUBLICATION, DISTRIBUTION, ETC. (IMPRINT)
Place of publication, distribution, etc. New York :
Name of publisher, distributor, etc. Van Nostrand ,
Date of publication, distribution, etc. c1966. publishing 1970
300 ## - PHYSICAL DESCRIPTION
Pagination 245 p. ;
Size 21 cm.
650 #0 - SUBJECT ADDED ENTRY--TOPICAL TERM
Topical term or geographic name as entry element Europe -- Politics and government.
9 (RLIN) 75583
700 1# - ADDED ENTRY--PERSONAL NAME
Personal name Anderson William G.
942 ## - ADDED ENTRY ELEMENTS (KOHA)
Source of classification or shelving scheme Dewey Decimal Classification
Koha item type Books
Holdings
Lost status Source of classification or shelving scheme Damaged status Not for loan Collection code Permanent Location Current Location Shelving location Date acquired Source of acquisition Total Checkouts Full call number Date last seen Copy number Koha item type
  Dewey Decimal Classification     Non-fiction Central Library, University of Rajshahi Central Library, University of Rajshahi   05/07/1976 U. S. I .S. Dhaka Gift   940 EUR 1970 13/03/2014 C-2 Books